Do školy
| Main Author: | |
|---|---|
| Format: | Book |
| Language: | English |
| PhysicalDescription: | 12 s. |
| Published: |
Bratislava
Mladé letá
1987
|
| Edition: | 6. vyd. |
MARC
| LEADER | 00000nam a2200000 a 4500 | ||
|---|---|---|---|
| 001 | vtls001492337 | ||
| 003 | SK-MaSNL | ||
| 005 | 20260301122424.0 | ||
| 008 | 240314 xo 000 0 eng | ||
| 040 | |a SNK |b slo |c SNK |e AACR2 | ||
| 044 | |a xo |c SK | ||
| 100 | 1 | |a Podjavorinská, Ľudmila, |d 1872-1951 |4 aut |9 91301 | |
| 245 | 1 | 0 | |a Do školy |
| 250 | |a 6. vyd. | ||
| 260 | |a Bratislava |b Mladé letá |c 1987 | ||
| 300 | |a 12 s. | ||
| 999 | |c 732849 |d 734779 | ||
| 952 | |a SNK |b SNK |y VYP |7 0 |p 17A0351511 |o snkSD 58757 D1 |i snkKSP 2334/87 |3 rekatalogizácia |0 0 |1 0 |4 0 |d 2005-02-04 |l 0 |r 2026-02-23 22:34:56 |w 2026-02-23 | ||


